Επιστολαί-ποιήματα

Αποθηκεύτηκε σε:
Λεπτομέρειες βιβλιογραφικής εγγραφής
Κύριος συγγραφέας: Λογοθέτης, Ιωάννης Α., 1835-1910
Άλλοι συγγραφείς: Σακελλαρίδης, Κώστας Ο.
Μορφή: Βιβλίο
Γλώσσα:Greek
Δημοσίευση: Αθήναι : Εταιρεία Νισυριακών Μελετών, 1974
Θέματα:
Ετικέτες: Προσθήκη ετικέτας
Δεν υπάρχουν, Καταχωρήστε ετικέτα πρώτοι!

MARC

LEADER 00000nam a2200000 i 4500
001 1/79044
008 970221s1974 gre d
035 |a 1995  |b 1  |c Δωρεά  |l 10033080 
040 |a GR-MY-UA  |b gre  |e aacr 
041 0 |a gre 
082 0 |a 889.1 
100 1 |a Λογοθέτης, Ιωάννης Α.,   |d 1835-1910. 
245 1 0 |a Επιστολαί-ποιήματα /  |c Ιωάννου Λογοθέτη (1835-1910) ; εισαγωγή-προλεγόμενα-επιμέλεια Κώστα Ο. Σακελλαρίδη 
260 |a Αθήναι :   |b Εταιρεία Νισυριακών Μελετών,   |c 1974 
300 |a 390 σ. 
650 0 0 |a Greek poetry. 
651 0 |a Nisyros island (Greece) 
700 1 |a Σακελλαρίδης, Κώστας Ο. 
852 |a INST  |b RHODES  |e 19970221  |h 889.1 ΛΟΓ  |p 005400007247  |q 005400007247  |t BK  |y 0 
909 |a Ρ  |b 028481  |c 1995 
970 |z 2000/07/ΚΑΤΕΡΙΝΑ